000 00534nam a2200217Ia 4500
003 OSt
005 20220928141846.0
006 a|||||r|||| 00| 0
007 ta
008 220927b |||||||| |||| 00| 0 eng d
024 _a18123
037 _cTextual
040 _aSDCL
_cSDCL
_beng
041 _2eng
_aeng
082 _aB38, N8
100 _aForsyth A R
_9502522
245 0 _aTheory of functions of a complex variable.
260 _c1998
942 _hB38, N8
_cTEXL
_2CC
999 _c820389
_d820389